00501nam a2200193 a 4500001001300000003000900013005001700022008004100039020001000080082001500090100002300105245002800128260004700156300000900203500003500212505001300247650002400260700002300284nice12345678IN_TiNIC20260116015127.0050524s1968 mada grp 000 0 eng  ac10000a221.6bROT aRoth, Wolfgang M W aOld Testament Theology. aMadrasbChristian Literature Societyc1968 a249p aincludes index and biblioraphy2 aGlossary aBible O.T. Theology1 aRoth, Wolfgang M W